000 00493nam a2200193Ia 4500
008 101110s9999 xx 000 0 und d
041 _aENGLISH
082 _bSR7260
_a336.24
100 _aBanga H.R.
245 _aHow to solve your Income-tax Problems
365 _b20
520 _aCommerce
546 _aENGLISH
630 _aHow to solve your Income-tax Problems
650 _aCommerce
655 _aCommerce
730 _aHow to solve your Income-tax Problems
942 _cBOOK
999 _c802958
_d802955